• 首页
  • 本馆介绍
  • 公告通知
  • 最新文献
  • 馆藏检索
  • 电子资源
  • 读者导购
  • 参考咨询
  • 我的图书馆
  • 登录
  • 详细信息显示
  • 放入我的书架
  • 预约/预借图书
  • 作者相关作品
  • 分类相关作品
  • 丛书相关作品
  • 出版社相关作品

书目信息

  • 表格格式
  • 工作单格式
  • 卡片格式
题名:
杰克·韦尔奇自传
    
 
作者: 韦尔奇 , 伯恩 著 ;曹彦博 , 孙立明 , 丁浩 译
分册:  
出版信息: 北京   中信出版社  2013.6
页数: 19,490页
开本: 20cm
丛书名:
单 册:
中图分类: K837.125.38=6 , F471.266
科图分类:
主题词: 工业企业管理
电子资源:
ISBN: 978-7-5086-3972-7
000 01471nam0 2200373 450
001 523
005 20140910110413.54
010    @a978-7-5086-3972-7@b精装@dCNY58.00
100    @a20130625d2013 em y0chiy50 ea
101 1  @achi@ceng
102    @aCN@b110000
105    @aa z 000ya
106    @ar
200 1  @a杰克·韦尔奇自传@AJie Ke· Wei Er Qi Zi Chuan@e纪念版@EJi Nian Ban@dJack: straight from the gut@f(美)杰克·韦尔奇,(美)约翰·拜恩著@F( Mei ) Jie Ke· Wei Er Qi, ( Mei ) Yue Han· Bai En Zhu@g曹彦博,孙立明,丁浩译@zeng
205    @a5版
210    @a北京@c中信出版社@d2013.6
215    @a19,490页@c照片@d20cm
300    @a中信十年人物经典 01
330    @a本书作者透露了他的青年岁月、成长历程、管理秘诀,以及如何开创了一种独特的管理模式,帮助庞大多元的商业帝国摆脱庞大体制的痼疾,走上灵活主动的道路。
510 1  @aJack: straight from the gut@zeng
600  0 @a韦尔奇@c(Welch, Jack@f1935- )@x自传
600  0 @a韦尔奇@c(Welch, Jack@f1935- )
601 02 @a通用电气公司@c(美国)@x工业企业管理@x经验
601 02 @a通用电气公司@c(美国)
606 0  @a工业企业管理
690    @aK837.125.38=6@v5
690    @aF471.266@v5
701  0 @c(美)@a韦尔奇@AWei Er Qi@c(Welch,Jack@f1935~)@4著
701  0 @c(美)@a伯恩@ABo En@c(Byrne,John A.)@4著
702  0 @a曹彦博@ACao Yan Bo@4译
702  0 @a孙立明@ASun Li Ming@c(翻译)@4译
702  0 @a丁浩@ADing Hao@4译
801  0 @aCN@bTANGWEI@c20140603
905    @b0841076-78@dK837.125.38=6@e740WE=5@f3
    
    杰克·韦尔奇自传:纪念版=Jack: straight from the gut/(美)杰克·韦尔奇,(美)约翰·拜恩著/曹彦博,孙立明,丁浩译.-5版.-北京:中信出版社,2013.6
    19,490页:照片;20cm
    中信十年人物经典 01
    
    ISBN 978-7-5086-3972-7(精装):CNY58.00
    本书作者透露了他的青年岁月、成长历程、管理秘诀,以及如何开创了一种独特的管理模式,帮助庞大多元的商业帝国摆脱庞大体制的痼疾,走上灵活主动的道路。
●
相关链接 在E读中查询图书 在五车中查询图书 在当当中查询图书 在豆瓣中查询图书


正题名:杰克·韦尔奇自传     索取号:K837.125.38=6/740WE=5         预约/预借

序号 登录号 条形码 馆藏地/架位号 状态 备注
1 0841076   208410762   第二样本阅览室/ [索取号:K837.125.38=6/740WE=5] 在馆    
2 0841077   208410771   第二借阅区/ [索取号:K837.125.38=6/740WE=5] 在馆    
3 0841078   208410780   第二借阅区/ [索取号:K837.125.38=6/740WE=5] 在馆    
欢迎您!
大连网信软件有限公司© 版权所有